| 000 | 00584nam a2200133 i 4500 | ||
|---|---|---|---|
| 001 | 183811 | ||
| 003 | ES-MaACL | ||
| 005 | 20230906221956.0 | ||
| 008 | 141020s1891 it |||| | fre d | ||
| 245 | 0 | 0 |
_aRésumé de l'histoire du mouvement interparlamentaire pour l'arbritrage et pour la paix _b: extrait des Rapports Officiels des Comités d'Organisation de Paris et de Londres. |
| 260 |
_aPadoue : _b[s.n.], _c1891 ( _fProsperini) |
||
| 300 |
_a20 p. ; _c23 cm. |
||
| 852 |
_aES-MaACL _jT-557-F-7 _z.- Dedicatoria ms. de Arturo de Marcoantu a la Biblioteca del Ateneo de Madrid, 1891 |
||
| 999 |
_c183811 _d183811 |
||